Academic writing : (Record no. 26229)

MARC details
000 -LEADER
fixed length control field 02126cam a22003615a 4500
001 - CONTROL NUMBER
control field 009413775
003 - CONTROL NUMBER IDENTIFIER
control field EG-ScBUE
005 - DATE AND TIME OF LATEST TRANSACTION
control field 20200111114027.0
008 - FIXED-LENGTH DATA ELEMENTS--GENERAL INFORMATION
fixed length control field 990223r20071998enk f b 001 0 eng d
020 ## - INTERNATIONAL STANDARD BOOK NUMBER
International Standard Book Number 0521657687
020 ## - INTERNATIONAL STANDARD BOOK NUMBER
International Standard Book Number 9780521657686 (Student's book)
040 ## - CATALOGING SOURCE
Original cataloging agency DLC
Language of cataloging eng
Description conventions rda
Transcribing agency DLC
Modifying agency Uk
-- EG-ScBUE
082 04 - DEWEY DECIMAL CLASSIFICATION NUMBER
Classification number 808.042
Item number LEK
Edition number 22
100 1# - MAIN ENTRY--PERSONAL NAME
Personal name Leki, Ilona,
Relator term author.
9 (RLIN) 8707
245 10 - TITLE STATEMENT
Title Academic writing :
Remainder of title exploring processes and strategies /
Statement of responsibility, etc Ilona Leki, University of Tennessee, Knoxville.
250 ## - EDITION STATEMENT
Edition statement Second edition.
250 ## - EDITION STATEMENT
Edition statement eleventh printing.
264 #1 - PUBLICATION, DISTRIBUTION, ETC. (IMPRINT)
Place of publication, distribution, etc Cambridge :
Name of publisher, distributor, etc Cambridge University Press,
Date of publication, distribution, etc 2007.
300 ## - PHYSICAL DESCRIPTION
Extent xxix, 433 pages ;
Dimensions 24 cm
336 ## - CONTENT TYPE
Source rdacontent
Content type term text
Content type code txt
337 ## - MEDIA TYPE
Source rdamedia
Media type term unmediated
Media type code n
338 ## - CARRIER TYPE
Source rdacarrier
Carrier type term volume
Carrier type code nc
500 ## - GENERAL NOTE
General note Includes appendices.
504 ## - BIBLIOGRAPHY, ETC. NOTE
Bibliography, etc Includes bibliographical references and index.
520 ## - SUMMARY, ETC.
Summary, etc This book provides instruction on the process writers go through to produce texts. It teaches attention to form, format and accuracy. The central goals of the Student's Book are to teach the process that writers go through to produce texts, and to provide instructions on how to meet the demands of the academy by attention to form and accuracy. One half of the book is devoted to leading the student through the process of writing from observation and experience. About a quarter of the book focuses on helping the student solve the writing problems typical of university-level course work. The remaining part of the book contains an anthology of readings that correspond to the assignments used in the earlier portions of the text. Through an emphasis on the academic applications of writing and on exploring processes and strategies, this text helps students produce, prepare, and polish their writing.
650 #7 - SUBJECT ADDED ENTRY--TOPICAL TERM
Topical term or geographic name as entry element English language
General subdivision Rhetoric.
Source of heading or term BUEsh
9 (RLIN) 7240
650 #7 - SUBJECT ADDED ENTRY--TOPICAL TERM
Topical term or geographic name as entry element Learning and scholarship
General subdivision Authorship.
Source of heading or term BUEsh
9 (RLIN) 8709
650 #7 - SUBJECT ADDED ENTRY--TOPICAL TERM
Topical term or geographic name as entry element Exposition (Rhetoric)
Source of heading or term BUEsh
9 (RLIN) 31833
650 #7 - SUBJECT ADDED ENTRY--TOPICAL TERM
Topical term or geographic name as entry element Academic writing.
Source of heading or term BUEsh
9 (RLIN) 39859
653 ## - INDEX TERM--UNCONTROLLED
Resource For college Humanities: English
Arrived date list March2018
655 ## - INDEX TERM--GENRE/FORM
Form subdivision Reading book
942 ## - ADDED ENTRY ELEMENTS (KOHA)
Source of classification or shelving scheme Dewey Decimal Classification
Koha item type Book - Borrowing
Holdings
Withdrawn status Lost status Source of classification or shelving scheme Damaged status Not for loan Home library Current library Shelving location Date acquired Total Checkouts Full call number Barcode Date last seen Price effective from Koha item type
    Dewey Decimal Classification     Central Library Central Library Second Floor 05/03/2018   808.042 LEK 000047334 15/07/2025 05/03/2018 Book - Borrowing